Eastern Utah Libraries Catalog: Duchesne, Heber, Roosevelt, & Vernal

Insidious. (Record no. 106923)

MARC details
000 -LEADER
fixed length control field 03341cgm a2200769Ia 4500
001 - CONTROL NUMBER
control field ocn859204473
003 - CONTROL NUMBER IDENTIFIER
control field OCoLC
005 - DATE AND TIME OF LATEST TRANSACTION
control field 20241220135833.0
008 - FIXED-LENGTH DATA ELEMENTS--GENERAL INFORMATION
fixed length control field 131001s2013 cau106 vleng d
007 - PHYSICAL DESCRIPTION FIXED FIELD--GENERAL INFORMATION
fixed length control field vd cvaizq
040 ## - CATALOGING SOURCE
Original cataloging agency LPU
Transcribing agency LPU
Modifying agency LPU
-- TEF
-- TEFMT
-- TEF
-- MR0
-- IK2
-- OJ4
-- XK4
-- UINTA
024 1# - OTHER STANDARD IDENTIFIER
Standard number or code 043396424401
028 42 - PUBLISHER NUMBER
Publisher number 42440
Source Columbia
035 ## - SYSTEM CONTROL NUMBER
System control number (OCoLC)859204473
041 1# - LANGUAGE CODE
Language code of text/sound track or separate title eng
-- spa
-- eng
-- spa
Language code of original and/or intermediate translations of text eng
050 #4 - LIBRARY OF CONGRESS CALL NUMBER
Classification number PN1997.2
Item number .I57 2013
082 04 - DEWEY DECIMAL CLASSIFICATION NUMBER
Classification number 791.43/72
Edition number 23
049 ## - LOCAL HOLDINGS (OCLC)
Holding library UCLB
092 ## - LOCALLY ASSIGNED DEWEY CALL NUMBER (OCLC)
Classification number 791.437
245 00 - TITLE STATEMENT
Title Insidious.
Number of part/section of a work Chapter 2
Medium [videorecording] /
Statement of responsibility, etc FilmDistrict presents ; in association with Stage 6 Films ; an Entertainment One presentation of a Blumhouse production ; produced by Jason Blum, Oren Peli ; screenplay by Leigh Whannel ; directed by James Wan.
246 30 - VARYING FORM OF TITLE
Title proper/short title Insidious 2
246 3# - VARYING FORM OF TITLE
Title proper/short title Insidious two
246 3# - VARYING FORM OF TITLE
Title proper/short title Insidious chapter two
260 ## - PUBLICATION, DISTRIBUTION, ETC. (IMPRINT)
Place of publication, distribution, etc Culver City, California :
Name of publisher, distributor, etc Sony Pictures Home Entertainment,
Date of publication, distribution, etc [2013]
300 ## - PHYSICAL DESCRIPTION
Extent 1 videodisc (approximately 106 min.) :
Other physical details sd., col. ;
Dimensions 4 3/4 in.
538 ## - SYSTEM DETAILS NOTE
System details note DVD, region 1, anamorphic widescreen (2.39:1) presentation ; Dolby digital 5.1 surround.
546 ## - LANGUAGE NOTE
Language note In English or dubbed Spanish, with optional subtitles in English or Spanish.
546 ## - LANGUAGE NOTE
Language note Closed-captioned.
511 1# - PARTICIPANT OR PERFORMER NOTE
Participant or performer note Patrick Wilson, Rose Byrne, Barbara Hershey, Ty Simpkins, Lin Shaye, Steve Coulter.
508 ## - CREATION/PRODUCTION CREDITS NOTE
Creation/production credits note Music, Joseph Bishara ; editor, Kirk Morri ; director of photography, John R. Leonetti.
500 ## - GENERAL NOTE
General note Based upon characters created by Leigh Whannell.
500 ## - GENERAL NOTE
General note DVD release of the 2013 motion picture.
521 8# - TARGET AUDIENCE NOTE
Target audience note MPAA rating: PG-13; for intense sequences of terror and violence and thematic elements.
520 ## - SUMMARY, ETC.
Summary, etc The haunted Lambert family seeks to uncover the mysterious childhood secret that has left them dangerously connected to the spirit world.
500 ## - GENERAL NOTE
General note Special features: Behind the scenes ; ghostly transformation.
650 #0 - SUBJECT ADDED ENTRY--TOPICAL TERM
Topical term or geographic name as entry element Supernatural
Form subdivision Drama.
9 (RLIN) 5679230
650 #0 - SUBJECT ADDED ENTRY--TOPICAL TERM
Topical term or geographic name as entry element Astral projection
Form subdivision Drama.
9 (RLIN) 5692901
650 #0 - SUBJECT ADDED ENTRY--TOPICAL TERM
Topical term or geographic name as entry element Demonology
Form subdivision Drama.
9 (RLIN) 5692902
650 #7 - SUBJECT ADDED ENTRY--TOPICAL TERM
Topical term or geographic name as entry element Sobrenatural
Form subdivision Teatro.
Source of heading or term bidex
9 (RLIN) 6506094
650 #7 - SUBJECT ADDED ENTRY--TOPICAL TERM
Topical term or geographic name as entry element Proyección astral
Form subdivision Teatro.
Source of heading or term bidex
9 (RLIN) 6517681
650 #7 - SUBJECT ADDED ENTRY--TOPICAL TERM
Topical term or geographic name as entry element Demonología
Form subdivision Teatro.
Source of heading or term bidex
9 (RLIN) 6514610
655 #7 - INDEX TERM--GENRE/FORM
Genre/form data or focus term Feature films.
Source of term lcgft
9 (RLIN) 6263717
655 #7 - INDEX TERM--GENRE/FORM
Genre/form data or focus term Horror films.
Source of term lcgft
9 (RLIN) 6263718
655 #7 - INDEX TERM--GENRE/FORM
Genre/form data or focus term Fiction films.
Source of term lcgft
9 (RLIN) 6263719
655 #7 - INDEX TERM--GENRE/FORM
Genre/form data or focus term Thrillers (Motion pictures)
Source of term lcgft
9 (RLIN) 6263720
655 #7 - INDEX TERM--GENRE/FORM
Genre/form data or focus term Video recordings for the hearing impaired.
Source of term lcgft
9 (RLIN) 6263721
655 #7 - INDEX TERM--GENRE/FORM
Genre/form data or focus term Feature films.
Source of term gsafd
9 (RLIN) 6263717
655 #7 - INDEX TERM--GENRE/FORM
Genre/form data or focus term Horror films.
Source of term gsafd
9 (RLIN) 6263718
700 1# - ADDED ENTRY--PERSONAL NAME
Personal name Blum, Jason.
9 (RLIN) 5692904
700 1# - ADDED ENTRY--PERSONAL NAME
Personal name Peli, Oren.
9 (RLIN) 5692905
700 1# - ADDED ENTRY--PERSONAL NAME
Personal name Whannell, Leigh,
Dates associated with a name 1977-
9 (RLIN) 71745
700 1# - ADDED ENTRY--PERSONAL NAME
Personal name Wan, James,
Dates associated with a name 1977-
9 (RLIN) 72400
700 1# - ADDED ENTRY--PERSONAL NAME
Personal name Wilson, Patrick,
Dates associated with a name 1973-
9 (RLIN) 69599
700 1# - ADDED ENTRY--PERSONAL NAME
Personal name Byrne, Rose.
9 (RLIN) 70377
700 1# - ADDED ENTRY--PERSONAL NAME
Personal name Hershey, Barbara,
Dates associated with a name 1948-
9 (RLIN) 60351
700 1# - ADDED ENTRY--PERSONAL NAME
Personal name Simpkins, Ty.
9 (RLIN) 5815481
700 1# - ADDED ENTRY--PERSONAL NAME
Personal name Shaye, Lin,
Dates associated with a name 1944-
9 (RLIN) 6263722
700 1# - ADDED ENTRY--PERSONAL NAME
Personal name Coulter, Steve.
9 (RLIN) 5943589
710 2# - ADDED ENTRY--CORPORATE NAME
Corporate name or jurisdiction name as entry element Columbia (Firm)
9 (RLIN) 6254816
710 2# - ADDED ENTRY--CORPORATE NAME
Corporate name or jurisdiction name as entry element FilmDistrict (Firm)
9 (RLIN) 5692906
710 2# - ADDED ENTRY--CORPORATE NAME
Corporate name or jurisdiction name as entry element Stage 6 Films.
9 (RLIN) 5692907
710 2# - ADDED ENTRY--CORPORATE NAME
Corporate name or jurisdiction name as entry element Entertainment One (Firm)
9 (RLIN) 5800657
710 2# - ADDED ENTRY--CORPORATE NAME
Corporate name or jurisdiction name as entry element Blumhouse Productions.
9 (RLIN) 5763586
942 ## - ADDED ENTRY ELEMENTS (KOHA)
Koha item type DVD
994 ## -
-- C0
-- UINTA
998 ## - LOCAL CONTROL INFORMATION (RLIN)
-- a182558
Holdings
Withdrawn status Lost status Source of classification or shelving scheme Damaged status Not for loan Collection code Home library Current library Shelving location Date acquired Source of acquisition Total Checkouts Total Renewals Full call number Barcode Date last seen Date checked out Cost, replacement price Price effective from Koha item type
    Dewey Decimal Classification     Movies Wasatch County Library Wasatch County Library Audio Visual Area 06/24/2020 Amazon 12 13 DVD Ins 34301001691379 11/06/2025 10/16/2025 6.00 06/24/2020 DVD
This project was made possible through a grant from the Institute of Museum and Library Service administered by the Utah State Library Division.

Wasatch County Library

  • 465 East 1200 South, Heber City, Utah 84032
  • Phone 435-654-1511 | Fax 435-654-6456

Hours

  • Monday - Friday 9:30 AM - 8:00 PM
  • Saturday 9:30 AM - 1:30 PM
  • Closed Sundays and Holidays